Apuntes de mi vida.

Guardat en:
Dades bibliogràfiques
Autor principal: Barrientos Alvarado, Santiago (autor)
Altres autors: Catepillán Tessi, Tomás Ezequiel (edición, notas, introducción)
Format: Llibre
Publicat: Rosario, Argentina: Prohistoria Ediciones, 2025.
Edició:1a. ed.
Col·lecció:De buena fuente,
Matèries:
Etiquetes: Afegir etiqueta
Sense etiquetes, Sigues el primer a etiquetar aquest registre!

MARC

LEADER 00000nam a22000007a 4500
003 CL-VaPUC
005 20250408093650.0
008 250326t2025 ||||| |||| 00| 0 eng d
999 |c 447673  |d 447671 
020 |a 978-987-809-148-8 
040 |c Pontificia Universidad Católica de Valparaíso 
082 |a 983.04 BAR 2025 
100 |9 897598  |a Barrientos Alvarado, Santiago  |e autor 
245 |a Apuntes de mi vida. 
250 |a 1a. ed. 
260 |a Rosario, Argentina:  |b Prohistoria Ediciones,  |c 2025. 
300 |a 109 páginas. 
490 |a De buena fuente,  |n  9. 
500 |a c.1. Donación de Tomás Catepillán Tessi (Editor libro).MEMO HIS/003 Biblioteca Especializada de Historia.18-03-2025. 
583 |c 20250326  |k Gabriela Rodríguez Cuevas 
600 0 |9 897598  |a Barrientos Alvarado, Santiago  |d 1789-1882  |e Militar español  |x Autobiografía 
650 0 |9 265473  |a Historia de Chile  |x Guerra de la Independencia   |x Cartas y relatos  |z Siglo 19 
700 |9 875642  |a Catepillán Tessi, Tomás Ezequiel  |e edición  |e notas  |e introducción 
942 |2 ddc  |c BK 
952 |0 0  |1 0  |2 ddc  |4 0  |6 983_040000000000000_BAR_2025  |7 0  |8 A  |9 601923  |a BIBHIS  |b BIBHIS  |d 2025-03-26  |e Donación  |i 5666744  |o 983.04 BAR 2025  |p 5666744  |r 2025-03-26  |t 1  |w 2025-03-26  |y BK  |k IFP